10 Largest Chinese Cities on the Beijing-Guangzhou High-Speed Railway - Statistics

General Stats
  • This quiz has been taken 27 times
  • The average score is 8 of 10
Answer Stats
Population City % Correct
21.5 M Beijing
96%
72.7 M Guangzhou
96%
12.6 M Wuhan
96%
11.5 M Changsha
88%
6.5 M Shijiazhuang
84%
10.3 M Zhengzhou
80%
2.2 M Baoding
64%
2.9 M Handan
56%
2.0 M Anyang
52%
2.7 M Xinxiang
40%
No matching quizzes found
Score Distribution
Percent of People with Each Score
Percentile by Number Answered
Your Score History
You have not taken this quiz